000
00338nam a22001457a 4500
008
210507b ||||| |||| 00| 0 eng d
020
_a
9780816057450
041
_a
eng
080
_a
621
082
_a
621
100
_a
26
101
_a
MEK
245
_a
Modern Robotics Building Versatile Machines
_c
Harry Henderson
942
_2
udc
_c
BK
999
_c
57096
_d
57096